[Event "28th WSCC Open 50 2018"]
[Site "Bled"]
[Date "2018.11.26"]
[Round "8"]
[White "Lagunov, Evgenij"]
[Black "Kranzl, Peter"]
[Result "1/2-1/2"]
[WhiteElo "2272"]
[BlackElo "2163"]
[Annotator "NA"]
[PlyCount "34"]
[EventDate "2018.11.17"]
[EventType "swiss"]
[EventCountry "SLO"]
[SourceTitle "playchess.com"]
[Source "ChessBase"]
[SourceQuality "1"]
[TimeControl "40/5400+30:1800+30"]

1. e4 {[%emt 0:00:25]} c6 {[%emt 0:00:00]} 2. d4 {[%emt 0:00:25]} d5 {[%emt 0:00:02]} 3. e5 {[%emt 0:00:06]} Bf5 {[%emt 0:00:28]} 4. Nf3 {[%emt 0:00:08]} e6 {[%emt 0:01:06]} 5. Be2 {[%emt 0:00:08]} h6 {[%emt 0:01:21]} 6. O-O {[%emt 0:01:22]} Nd7 {[%emt 0:05:50]} 7. Nbd2 {[%emt 0:05:41]} Ne7 {[%emt 0:07:35]} 8. b3 {[%emt 0:04:28]} Ng6 {[%emt 0:05:00]} 9. Re1 {[%emt 0:05:29]} Bb4 {[%emt 0:06:44]} 10. Bb2 {[%emt 0:02:17]} O-O {[%emt 0:01:25]} 11. c3 {[%emt 0:00:32]} Be7 {[%emt 0:05:08]} 12. Bf1 {[%emt 0:04:39]} f6 {[%emt 0:06:27]} 13. exf6 {[%emt 0:01:35]} Rxf6 {[%emt 0:03:04]} 14. Ne5 {[%emt 0:04:32]} Ngxe5 {[%emt 0:04:00]} 15. dxe5 {[%emt 0:00:18] [#]} Rf7 $15 {[%emt 0:03:57]} 16. b4 {[%emt 0:02:11]} a5 {[%emt 0:08:18]} 17. a3 {[%emt 0:01:15]} Qb6 {[%emt 0:03:46]} 1/2-1/2

[Event "28th WSCC Open 50 2018"]
[Site "Bled"]
[Date "2018.11.26"]
[Round "8"]
[White "Namyslo, Holger"]
[Black "Baimurzin, Aitkazy"]
[Result "1-0"]
[WhiteElo "2254"]
[BlackElo "2154"]
[Annotator "TA"]
[PlyCount "152"]
[EventDate "2018.11.17"]
[EventType "swiss"]
[EventCountry "SLO"]
[SourceTitle "playchess.com"]
[Source "ChessBase"]
[SourceQuality "1"]

{[%evp 9,152,49,68,57,69,60,93,50,76,60,95,64,41,35,44,43,64,62,56,54,62,46,69,62,61,24,50,28,33,0,14,0,0,0,0,0,0,-46,-17,-36,-46,-21,18,22,102,116,113,79,164,41,52,37,81,69,113,77,149,62,130,51,95,10,0,0,75,0,76,56,44,0,14,56,24,7,63,63,111,78,80,15,30,4,98,30,30,30,30,4,30,30,30,30,30,30,30,30,30,30,41,37,45,0,178,175,140,153,204,209,306,289,295,277,368,319,637,636,632,628,618,614,603,583,582,558,1018,1020,1099,1096,1020,1047,5211,1110,12246,6029,4686,1058,5539,5316,1472,933,933,933,1965,861,821]} 1. e4 g6 2. d4 Bg7 3. Nf3 a6 4. Bc4 d6 5. O-O b5 6. Bb3 {B06: Modern Defence} Bb7 (6... e6 7. Re1 Ne7 8. c3 Bb7 9. Nbd2 Nd7 10. Nf1 O-O 11. h4 h6 12. Ng3 c5 13. Bf4 cxd4 14. cxd4 Nb6 15. Rc1 Qd7 16. Qd2 Kh7 17. Qa5 Qd8 18. Qa3 d5 19. Bc7 {1-0 (19) Dubov,D (2703)-Sviridov,V (2551) Sochi 2018}) 7. Qe2 e6 8. c3 {White is better.} Ne7 9. Re1 $146 ({Predecessor:} 9. a4 bxa4 10. Bxa4+ Nd7 11. Nbd2 O-O 12. Nb3 Rb8 13. Na5 {½-½ (23) Bilunova,R (2151)-Fatalibekova,E (2283) Odintsovo 2008}) 9... h6 10. Nbd2 O-O 11. Nf1 Nd7 12. Ng3 Kh7 13. h4 c5 14. Be3 Qc7 15. Bc2 e5 16. d5 c4 17. Rad1 a5 18. a3 Ba6 19. Qd2 Rab8 20. Ra1 Ng8 21. h5 Ngf6 22. Qe2 Bc8 23. hxg6+ fxg6 24. Nh2 Nc5 25. Rf1 Bd7 26. f4 $1 Ng8 (26... Na4 $11) 27. f5 $16 Be8 28. Rf2 Nd7 (28... g5 $16) 29. Raf1 (29. Qg4 $18) 29... g5 $1 $14 30. Nh5 Ngf6 31. Nxf6+ Bxf6 32. Qf3 Kg7 ({Better is} 32... h5) 33. Qh3 (33. Ng4 $16) 33... Rh8 (33... h5 $14) 34. Qg3 (34. Ng4 $16) 34... Kf7 35. Bd2 (35. Ng4 $16) 35... Ke7 $11 36. Ng4 Bf7 (36... Bh5 $11 {remains equal.}) 37. Ra1 (37. a4 $16) 37... Nc5 (37... a4 $11 {keeps the balance.}) 38. Kf1 Rbg8 39. Ke2 h5 40. Nxf6 Kxf6 41. Rh1 Qb8 (41... Nb3 $11) 42. Qe3 Nd7 43. g3 Qb6 44. Rfh2 ({White should try} 44. Qf3 $16) 44... Qxe3+ 45. Bxe3 (45. Kxe3 {keeps more tension.} Ke7 46. Bd1 Nf6 47. Be2 a4 48. Rg1) 45... Rg7 (45... Ke7 $11) 46. Bf2 (46. a4 $16) 46... Ke7 47. Ra1 Rb8 48. Rhh1 Rb7 49. Be1 Be8 50. Ke3 Nf6 51. Bd1 Rh7 52. Be2 Kd8 53. Bd2 Kc7 54. Kf3 Rg7 55. Rhb1 Bd7 $2 {[#]} (55... h4 $11 56. g4 a4) 56. b3 $1 $18 g4+ 57. Ke3 cxb3 (57... Rf7 $16 {keeps fighting.}) 58. Rxb3 Rg8 (58... a4 $142 59. Rb2 Be8) 59. c4 a4 60. Rb4 Rgb8 61. cxb5 Bxb5 $2 {[#]} (61... Kd8 62. Rab1 Ra8) 62. Rc1+ {White is clearly winning.} Kd8 63. Rcb1 Bxe2 64. Rxb7 Rxb7 65. Rxb7 {[%mdl 4096] Endgame KRB-KBN} Bf3 66. Rb4 Bd1 67. Kd3 Nd7 68. Bg5+ Ke8 69. Ke3 Nc5 70. Rb6 (70. Rb8+ $142 Kf7 71. Rc8 Nxe4 72. Kxe4) 70... Bf3 71. Rxd6 Nxe4 72. Re6+ (72. Rd8+ $142 Kf7 73. Bh4) 72... Kf8 73. Bh4 Nc3 74. Rxe5 Nxd5+ 75. Kd4 Nb6 76. f6 (76. Re7 $142 Bh1 77. f6) 76... Nc8 {Accuracy: White = 39%, Black = 37%.} 1-0

[Event "28th WSCC Open 50 2018"]
[Site "Bled"]
[Date "2018.11.26"]
[Round "8"]
[White "Grant, Jonathan I M"]
[Black "Findlay, Ian T."]
[Result "1-0"]
[WhiteElo "2192"]
[BlackElo "2255"]
[Annotator "ChessBase"]
[PlyCount "79"]
[EventDate "2018.11.17"]
[EventType "swiss"]
[EventCountry "SLO"]
[SourceTitle "playchess.com"]
[Source "ChessBase"]
[SourceQuality "1"]
[TimeControl "40/5400+30:1800+30"]

1. c4 {[%emt 0:00:00]} Nf6 {[%emt 0:00:00]} 2. Nc3 {[%emt 0:00:08]} e6 {[%emt 0:00:45]} 3. e4 {[%emt 0:00:09]} d5 {[%emt 0:01:12]} 4. e5 {[%emt 0:00:51]} Ne4 {[%emt 0:00:32]} 5. Nf3 {[%emt 0:01:14]} Nc6 {[%emt 0:07:01]} 6. d4 {[%emt 0:06:21]} Bb4 {[%emt 0:07:05]} 7. Qc2 {[%emt 0:01:08]} f5 {[%emt 0:01:21]} 8. a3 {[%emt 0:08:28]} Bxc3+ {[%emt 0:12:21]} 9. bxc3 {[%emt 0:00:08]} O-O {[%emt 0:00:22]} 10. Bd3 {[%emt 0:19:38]} b6 {[%emt 0:10:09]} 11. cxd5 {[%emt 0:06:07]} exd5 {[%emt 0:00:37]} 12. O-O {[%emt 0:02:16]} Na5 {[%emt 0:03:16]} 13. a4 {[%emt 0:11:41]} Be6 {[%emt 0:01:03]} 14. Ne1 {[%emt 0:02:35]} c5 {[%emt 0:07:20]} 15. f3 {[%emt 0:01:52]} Ng5 {[%emt 0:00:23]} 16. h4 {[%emt 0:03:17]} Nf7 {[%emt 0:00:39]} 17. Bxf5 {[%emt 0:01:16]} Bxf5 {[%emt 0:00:16]} 18. Qxf5 {[%emt 0:00:11]} cxd4 {[%emt 0:09:42]} 19. Ba3 {[%emt 0:01:05]} Re8 {[%emt 0:00:49]} 20. cxd4 {[%emt 0:01:45]} Qxh4 {[%emt 0:00:15]} 21. f4 {[%emt 0:03:02]} Nc4 {[%emt 0:02:17]} 22. Qd3 {[%emt 0:04:47]} Nh6 {[%emt 0:06:27]} 23. g3 {[%emt 0:08:26]} Qg4 {[%emt 0:01:00]} 24. f5 {[%emt 0:02:52]} g6 {[%emt 0:01:33]} 25. Rf4 {[%emt 0:01:45]} Qg5 {[%emt 0:00:21]} 26. Qf3 {[%emt 0:01:34]} Rad8 {[%emt 0:04:29]} 27. f6 {[%emt 0:00:47]} Nf5 {[%emt 0:00:16]} 28. Ng2 {[%emt 0:02:48]} Kf7 {[%emt 0:02:09]} 29. Bc1 {[%emt 0:01:03]} h5 {[%emt 0:02:42]} 30. Qf2 {[%emt 0:02:57]} Re6 {[%emt 0:09:30]} 31. Rf3 {[%emt 0:01:15]} Qg4 {[%emt 0:00:07]} 32. Rf4 {[%emt 0:00:32]} Qd1+ {[%emt 0:00:20]} 33. Kh2 {[%emt 0:00:55]} Nh6 {[%emt 0:00:31]} 34. Qf1 {[%emt 0:01:49]} Qc2 {[%emt 0:04:07]} 35. Rf3 {[%emt 0:00:09]} Nf5 {[%emt 0:01:00]} 36. Rf2 {[%emt 0:01:47]} Qc3 {[%emt 0:00:15]} 37. Bb2 {[%emt 0:01:06]} Qxg3+ {[%emt 0:00:31]} 38. Kg1 {[%emt 0:00:24]} Nfe3 {[%emt 0:01:18]} 39. Qd3 {[%emt 0:00:40]} Qg4 {[%emt 0:01:58]} 40. Re1 {[%emt 0:00:00]} 1-0

[Event "28th WSCC Open 50 2018"]
[Site "Bled"]
[Date "2018.11.26"]
[Round "8"]
[White "Kannenberg, Karl-Heinz"]
[Black "Mukanov, Saltanat"]
[Result "1/2-1/2"]
[WhiteElo "2182"]
[BlackElo "2250"]
[Annotator "TA"]
[PlyCount "106"]
[EventDate "2018.11.17"]
[EventType "swiss"]
[EventCountry "SLO"]
[SourceTitle "playchess.com"]
[Source "ChessBase"]
[SourceQuality "1"]

{[%evp 13,106,26,41,45,38,40,50,-5,0,-17,-15,-50,-3,-17,-12,-24,-14,-20,46,-35,-28,-50,8,-37,0,-226,-34,-42,-43,-42,-25,-70,0,0,0,0,0,0,100,91,82,74,206,201,231,89,115,97,100,87,81,79,108,97,117,50,35,35,42,-36,-36,-38,-37,-45,-38,-43,-44,-39,-35,-36,-36,-43,-42,-42,-43,-46,0,-41,179,141,141,141,141,141,141,141,141,141,141,141,141,118,118,0,0]} 1. d4 Nf6 2. Nf3 g6 3. e3 Bg7 4. Be2 O-O 5. O-O d6 6. c4 b6 7. Nc3 Bb7 {LiveBook: 6 Games} 8. Qc2 {E61: King's Indian: Early deviations for White, including Smyslov System} (8. b4 e5 9. dxe5 Nfd7 10. Bb2 Nxe5 11. Nxe5 Bxe5 12. Bf3 Bxf3 13. Qxf3 Na6 14. a3 Qh4 15. g3 Qxc4 {0-1 (64) Sargissian,G (2672)-Rapport,R (2707) Riadh 2017}) 8... c5 9. d5 e6 {[%cal Re6d5]} 10. dxe6 (10. e4 $14) 10... fxe6 $11 11. e4 $146 ({Predecessor:} 11. Rd1 Qe7 12. a3 Nc6 13. Rb1 Ng4 14. h3 Nge5 15. Ne1 Qh4 16. f4 {0-1 (34) Pechac,J (2448)-Gazik,V (2422) Liptovsky Mikulas 2017}) 11... Nc6 12. Rd1 e5 13. Bg5 h6 $36 {[%mdl 2048] Black has good play.} 14. Bh4 g5 15. Bg3 g4 (15... Qe7 $11) 16. Nd2 (16. Nxe5 $2 Nd4 $19) (16. Nh4 $1 $14) 16... Nd4 $15 17. Qd3 Bc8 ({Better is} 17... Qe8 $15) 18. Bh4 Be6 19. Nd5 $2 {[#]} (19. f3 $11 {and White is okay.}) 19... Qd7 $2 (19... Nxd5 $1 $19 {[%mdl 512]} 20. Bxd8 (20. cxd5 Qxh4) 20... Nf4 {[%mdl 64] Double Attack}) 20. Nb3 Nh5 21. Nxd4 cxd4 22. g3 Nf6 (22... Qf7 $6 23. Be7 $16) ({Black should try} 22... Bf6 $15 23. Bxf6 Nxf6) 23. Rf1 $11 Kh8 24. a4 Ng8 25. a5 bxa5 (25... Bxd5 $11 {remains equal.} 26. exd5 (26. cxd5 Bf6 $11) 26... Bf6) 26. Rxa5 $16 Rab8 27. Qa3 Rb7 (27... Qb7 $16) 28. Ra6 $1 $18 Rfb8 29. Qxd6 (29. Rxd6 $18 {is the precise move to win.} Qf7 30. b4) 29... Qxd6 $16 30. Rxd6 Rxb2 31. Bd1 Bc8 32. c5 {And now c6 would win.} Bf8 33. Rd8 Ba6 {[#]} 34. Rxb8 ({White should play} 34. c6 $1 $16 {[%cal Rc6c7] c7 is the strong threat.} Rxd8 35. Bxd8) 34... Rxb8 $14 35. c6 Bxf1 36. c7 (36. Kxf1 $14 Bd6 37. c7 (37. Bxg4 a5 $14) 37... Bxc7 38. Nxc7) 36... Rb1 $1 $15 {[%cal Rb1d1]} 37. c8=Q Rxd1 {[%cal Rf1h3]} 38. Bf6+ $1 Nxf6 {[%cal Rf1h3]} 39. Qxf8+ {[%mdl 64] Double Attack} Ng8 {[%cal Rf1h3]} 40. f4 {Threatens to win with Kf2.} gxf3 {( -> ...Bd3+)} 41. Kf2 Be2 {[%csl Ge2][%cal Rd1f1]} 42. g4 Rf1+ 43. Kg3 {Ne7 would kill now.} Rg1+ 44. Kf2 $1 {[%cal Rf2g1]} Rg2+ 45. Ke1 Rxg4 $2 (45... Bc4 $15 {stays ahead.} 46. Qxf3 Re2+ 47. Kd1 d3) 46. Ne7 {Threatening mate with Nxg8.} Bc4 {Strongly threatening ...Rg2.} 47. Nxg8 f2+ {[#]} ({Don't blunder} 47... Rxe4+ $2 48. Kd1) 48. Kd2 $1 {Intending Nf6+ and mate.} f1=N+ 49. Kc1 {White threatens Nf6+ and mate.} Bxg8 50. Qxh6+ Bh7 51. Qf8+ {[%mdl 1024] White has strong compensation.} Rg8 52. Qf6+ Rg7 53. Qd8+ ({White must play} 53. Qxf1 $16 {Black must now prevent Qf8+.} Rc7+ 54. Kd2) 53... Rg8 {Accuracy: White = 45%, Black = 42%.} 1/2-1/2

[Event "28th WSCC Open 50 2018"]
[Site "Bled"]
[Date "2018.11.26"]
[Round "8"]
[White "Dougherty, Michael"]
[Black "Mannion, Stephen R"]
[Result "1/2-1/2"]
[WhiteElo "2155"]
[BlackElo "2286"]
[Annotator "TA"]
[PlyCount "117"]
[EventDate "2018.11.17"]
[EventType "swiss"]
[EventCountry "SLO"]
[SourceTitle "playchess.com"]
[Source "ChessBase"]
[SourceQuality "1"]

{[%evp 31,117,12,12,14,17,15,22,0,0,0,0,0,0,0,0,0,0,0,0,0,11,0,0,0,0,0,0,0,0,0,0,0,0,0,0,0,0,0,0,0,0,0,0,0,0,0,0,0,0,-164,-88,-833,-835,-763,-752,-762,-721,-673,-514,-372,-13,-27,-18,-10,-10,-10,-8,-8,-8,-8,-8,-8,-8,-8,-8,-8,-8,-8,-8,-8,0,0,0,0,0,0,8,8]} 1. Nf3 d5 2. b3 Bf5 3. Bb2 e6 4. c4 Nf6 5. g3 h6 6. Bg2 Be7 7. O-O O-O 8. d3 c6 9. Nbd2 Nbd7 10. Qc2 Bh7 11. a3 a5 12. Ne5 Nxe5 {A12: English Opening: 1...c6 with b3 by White} 13. Bxe5 Nd7 14. Bc3 Bf6 15. Qb2 (15. b4 Bxc3 16. Qxc3 Qf6 {½-½ (16) Ruck,R (2567)-Postny,E (2637) Sibenik 2012}) 15... Qb6 16. Bxf6 Nxf6 {LiveBook: 3 Games} 17. b4 axb4 $146 ({Predecessor:} 17... Rfe8 18. Rfb1 e5 19. b5 Qd8 20. bxc6 bxc6 {½-½ (44) Holst,P-Kolbak,J Aarhus 1975}) 18. axb4 e5 19. e4 dxe4 20. Nxe4 Bxe4 21. c5 Qc7 22. dxe4 Rxa1 23. Qxa1 Rd8 24. Rd1 Rxd1+ 25. Qxd1 Kf8 26. f3 Ke7 27. Bh3 Nh7 28. Bg4 Nf6 29. Bh3 Ne8 30. Qd2 Qd8 31. Qxd8+ Kxd8 $11 {[%mdl 4096] Endgame KB-KN} 32. Bf1 Nc7 33. Bc4 Ke7 34. Kf2 g6 35. f4 exf4 36. gxf4 f5 37. Ke3 fxe4 38. Kxe4 Kf6 39. h4 Na6 40. Be2 $2 (40. Bxa6 $1 $11 bxa6 41. Kf3) 40... Nxb4 $19 41. h5 $2 {[%mdl 8192]} (41. Bg4 $17) 41... gxh5 {[%mdl 64] [#] Overworked Piece} 42. Bxh5 Na6 43. Kd4 Nc7 44. Bg4 Ne6+ 45. Kc4 Nxf4 $2 (45... Kf7 $19 46. f5 Nf8) 46. Bc8 $11 Ne6 {[#] Strongly threatening ...Ke7.} (46... Ke7 {is interesting.} 47. Bxb7 Kd7 48. Kd4 Kc7 49. Ba6 Ne6+) 47. Bxb7 {The position is equal.} Nd8 48. Bc8 Ke5 49. Bg4 Kf4 50. Bh5 Kg5 51. Bf3 h5 {[%cal Bh6h5,Bh5h4,Bh4h3][%mdl 32]} 52. Kd4 h4 53. Ke3 h3 54. Kf2 Kf4 55. Bh1 Nf7 56. Bxc6 Ne5 57. Bh1 Ng4+ 58. Ke2 Ne5 59. c6 {Accuracy: White = 66%, Black = 67%.} 1/2-1/2

[Event "28th WSCC Open 50 2018"]
[Site "Bled"]
[Date "2018.11.27"]
[Round "9"]
[White "Sturua, Zurab"]
[Black "Berend, Fred"]
[Result "1-0"]
[WhiteElo "2529"]
[BlackElo "2369"]
[Annotator "TA"]
[PlyCount "85"]
[EventDate "2018.11.17"]
[EventType "swiss"]
[EventCountry "SLO"]
[SourceTitle "playchess.com"]
[Source "ChessBase"]
[SourceQuality "1"]

{[%evp 15,85,13,25,35,29,0,0,0,0,0,25,-8,0,0,0,0,0,0,0,0,0,0,0,0,0,0,304,294,420,414,475,469,432,287,293,302,454,445,504,315,315,328,381,378,343,114,364,316,468,467,607,588,640,631,766,756,904,904,896,896,889,887,867,858,802,802,942,936,12839,1140,921,907]} 1. c4 Nf6 2. Nc3 e5 3. g3 Bb4 4. Bg2 O-O 5. e4 d6 6. Nge2 c6 7. O-O Be6 8. d3 h6 9. h3 {A22: English Opening: 1...e5 2 Nc3 Nf6} d5 $146 ({Predecessor:} 9... Qd7 10. Kh2 d5 11. exd5 cxd5 12. d4 Bxc3 13. bxc3 Nc6 14. Rb1 Rac8 15. Be3 Rfe8 16. dxe5 Nxe5 17. Bxa7 {0-1 (32) D'Costa,L (2426)-Hanley,C (2406) Basingstoke 2012}) 10. exd5 cxd5 11. Qb3 {[%cal Rc4d5] The position is equal.} Bxc3 $1 12. Nxc3 Qd7 13. Kh2 {[%cal Rc4d5]} Rd8 14. f4 Nc6 15. fxe5 Nxe5 {[%cal Rd5c4]} 16. Rxf6 {[%cal Rc4d5]} dxc4 17. Qxb7 Qxb7 18. Bxb7 Rab8 19. Rxe6 $1 fxe6 20. Bg2 {[#] aiming for Bf4.} cxd3 $2 {[%mdl 8192]} (20... Nxd3 $11 {and Black is okay.} 21. Nd1 Nxc1 22. Rxc1 Rd2) 21. Bf4 $18 Rxb2 (21... Nf7 $142) 22. Bxe5 Rc2 23. Rd1 Rf8 24. g4 (24. Rxd3 Rff2 $11) 24... Rff2 25. Rg1 ({Worse is} 25. Rxd3 Rxg2+ 26. Kh1 Rgd2 $11) 25... h5 (25... d2 {was necessary.} 26. Bg3 Rf8) 26. Kh1 hxg4 27. hxg4 d2 28. Nd1 Rf7 29. a3 Rc4 30. Ne3 $2 (30. Kh2 $18 {has better winning chances.}) 30... Ra4 $2 (30... Rc1 $16) 31. Bc3 Rf2 (31... Rxa3 $142 32. Bxd2 Rf2) 32. Bb4 {White is clearly winning.} a5 33. Bc6 axb4 34. Bxa4 bxa3 35. Ra1 Rf4 36. Rxa3 Re4 {[#]} 37. Bd1 $1 Kf7 38. Kg2 Kf6 39. Kf3 Rd4 40. Ra5 g5 41. Ke2 Rd8 42. Nf1 Rd4 43. Ke3 {Accuracy: White = 67%, Black = 38%.} 1-0

[Event "28th WSCC Open 50 2018"]
[Site "Bled"]
[Date "2018.11.27"]
[Round "9"]
[White "Movsziszian, Karen"]
[Black "Arkell, Keith C"]
[Result "1/2-1/2"]
[WhiteElo "2513"]
[BlackElo "2443"]
[Annotator "TA"]
[PlyCount "43"]
[EventDate "2018.11.17"]
[EventType "swiss"]
[EventCountry "SLO"]
[SourceTitle "playchess.com"]
[Source "ChessBase"]
[SourceQuality "1"]

{[%evp 19,43,-28,-15,-6,14,-9,-25,-8,-8,-36,-43,-44,-50,-42,-48,-45,-41,-33,-34,-32,-32,-63,-42,-52,-41,-58]} 1. g3 d5 2. Nf3 Nf6 3. Bg2 g6 4. b3 Bg7 5. Bb2 c5 6. c4 d4 7. b4 O-O 8. O-O Re8 {A05: Réti Opening: 1 Nf3 Nf6} (8... Nc6 9. b5 Na5 10. d3 Qc7 11. Nbd2 e5 12. Ng5 h6 13. Nge4 Nxe4 14. Nxe4 Be6 15. Nd2 Rae8 16. Nb3 Nxb3 17. axb3 {1-0 (45) Artemiev,V (2653)-Li,C (2720) Doha 2016}) 9. d3 e5 10. bxc5 Nfd7 $146 {LiveBook: 10 Games. Black has an edge.} ({Predecessor:} 10... Na6 11. Nbd2 Nd7 12. Nb3 Ndxc5 13. Nxc5 Nxc5 14. Rb1 Rb8 15. Ba3 Bf8 16. Nd2 {½-½ (50) Skripko,V (2361)-Rynkevich,S (2360) ICCF email 2010}) 11. Ba3 Bf8 12. Nbd2 Nxc5 13. Nb3 Nba6 14. Bxc5 Nxc5 {Black is slightly better.} 15. Nxc5 Bxc5 16. Nd2 Rb8 17. Rb1 b6 18. Qa4 Bg4 19. Rfe1 Qc7 20. Bc6 Rec8 21. Bd5 Bd7 22. Qa6 {Precision: White = 57%, Black = 60%.} 1/2-1/2

[Event "28th WSCC Open 50 2018"]
[Site "Bled"]
[Date "2018.11.27"]
[Round "9"]
[White "Soffer, Ram"]
[Black "Dougherty, Michael"]
[Result "1-0"]
[WhiteElo "2472"]
[BlackElo "2155"]
[Annotator "TA"]
[PlyCount "71"]
[EventDate "2018.11.17"]
[EventType "swiss"]
[EventCountry "SLO"]
[SourceTitle "playchess.com"]
[Source "ChessBase"]
[SourceQuality "1"]

{[%evp 16,71,34,34,31,24,29,29,33,22,61,49,30,41,87,70,52,37,36,38,31,27,43,34,37,31,30,23,62,65,57,57,184,131,212,210,220,225,325,309,309,185,205,193,187,169,193,156,149,138,265,250,254,189,1213,1156,6231,6170]} 1. e4 g6 2. d4 Bg7 3. Nf3 d6 4. Bc4 c6 5. O-O Nf6 6. Qe2 O-O 7. e5 Nd5 8. h3 a5 9. a4 {LiveBook: 7 Games. B04: Alekhine's Defence: 4 Nf3} Na6 10. Nc3 (10. Rd1 {seems wilder.} Nac7 11. Bb3 Be6 12. Na3 Nb4 13. Bc4) 10... Nxc3 $146 ({Predecessor:} 10... Nb6 11. Ba2 Nc7 12. exd6 exd6 13. Bg5 Qd7 14. Ne4 Re8 15. Qd3 Nbd5 16. c3 Ne6 {½-½ (68) Krylov,M (2499)-Kuzubov,Y (2624) Moscow 2011}) 11. bxc3 {White has an edge.} Nc7 12. Bd3 f6 13. Re1 fxe5 14. dxe5 d5 15. Ng5 Bf5 16. Rb1 b5 17. axb5 {Hoping for b6.} Bxd3 $1 18. cxd3 {Threatens to win with b6.} cxb5 19. Nf3 Qd7 20. Nd4 Rfb8 21. Ba3 Ne6 22. Nxe6 Qxe6 23. d4 Bh6 (23... Qd7 $14) 24. Rxb5 $18 Rxb5 (24... Qc6 $16 {was necessary.} 25. Rxb8+ Rxb8 26. Bxe7 Qxc3) 25. Qxb5 Bd2 26. Rd1 Bxc3 {[#]} (26... Bg5 $142 27. Ra1 Kg7) 27. Bxe7 $1 {[%mdl 512]} Rc8 (27... Qxe7 28. Qxd5+) 28. Bc5 (28. Bd6 $142) 28... Qc6 29. Qb3 Bb4 30. Bxb4 Qb5 31. Rb1 axb4 32. e6 {[%cal Be5e6,Be6e7][%mdl 32]} Kg7 (32... Re8 $16 {might work better.} 33. Qxb4 Qxb4 34. Rxb4 Rxe6) 33. Qe3 Qb8 34. f4 {[%cal Bf2f4,Bf4f5][%mdl 32]} Kf6 $2 {[#]} (34... h6 35. e7 Re8 36. Qe5+ Qxe5 37. fxe5 (37. dxe5 Rxe7 38. Rxb4 g5 $16) 37... Rxe7) 35. f5 $1 {[%mdl 512]} g5 (35... Kxf5 36. Rf1+) 36. e7 {Accuracy: White = 60%, Black = 43%.} 1-0

[Event "28th WSCC Open 50 2018"]
[Site "Bled"]
[Date "2018.11.27"]
[Round "9"]
[White "Vareille, Francois"]
[Black "Bagaturov, Giorgi"]
[Result "0-1"]
[WhiteElo "2432"]
[BlackElo "2417"]
[Annotator "TA"]
[PlyCount "60"]
[EventDate "2018.11.17"]
[EventType "swiss"]
[EventCountry "SLO"]
[SourceTitle "playchess.com"]
[Source "ChessBase"]
[SourceQuality "1"]

{[%evp 21,60,41,37,11,44,6,33,29,25,0,20,0,0,-19,0,-8,0,-41,-37,-182,-177,-599,-587,-543,-532,-472,-486,-460,-416,-669,-650,-733,-570,-565,-550,-979,-537,-502,-476,-29996,-29997]} 1. d4 Nf6 2. c4 g6 3. g3 Bg7 4. Bg2 O-O 5. Nc3 d6 6. Nf3 Nc6 7. O-O e5 8. dxe5 {E62: King's Indian: Fianchetto: 6...c6 and Panno Variation (6...Nc6) without ...a6} (8. d5 Nb8 9. e4 a5 10. Ne1 Na6 11. Bg5 h6 12. Be3 Ng4 13. Bd2 f5 14. Nd3 b6 15. f3 Nf6 16. Be3 Nc5 17. Nxc5 bxc5 {0-1 (26) Ivanchuk,V (2714)-Amin,B (2709) Zagreb 2018}) 8... Nxe5 9. b3 Nxf3+ 10. Bxf3 Bh3 11. Re1 c6 {LiveBook: 4 Games} 12. Bf4 Qa5 13. Bd2 $146 ({Predecessor:} 13. Rc1 Rad8 14. Qd2 Ng4 15. Bxg4 Bxg4 {½-½ (28) Feller,S (2576)-Degraeve,J (2563) France 2010}) 13... Qe5 14. Rc1 g5 15. e3 Rad8 16. Qe2 Rfe8 17. Red1 d5 18. cxd5 cxd5 {[%cal Bc6d5,Bd5d4,Bd4e3,Be3e2][%mdl 32]} 19. Nb5 d4 $1 $36 {[%cal Rd4d3][%mdl 2048] And now ...d3 would win. Black has the initiative.} 20. Qc4 {[#]} ({White has to play} 20. Ba5 $1 $15 b6 21. Be1) 20... Qf5 $1 $19 {[%cal Rf5f3]} ({And not} 20... dxe3 21. Bxe3 Rxd1+ 22. Rxd1 $14) 21. Bxb7 $2 (21. Bg2 {nothing else works.} Bxg2 22. Kxg2) 21... Ne4 22. f4 Nxd2 23. Rxd2 {[%cal Rb5d4]} dxe3 24. Rd5 Rxd5 25. Bxd5 (25. Qxd5 $142 Qxd5 26. Bxd5) 25... Rd8 26. Rd1 {[#]} Rxd5 $1 {[%mdl 576] Deflection} 27. Qxd5 e2 {( -> ...Qxd5)} 28. Qd8+ Bf8 29. Re1 {aiming for Nd4.} Qxb5 30. Rxe2 (30. Kf2 $19 Qc5+ 31. Kxe2 gxf4 32. gxf4) 30... Qc5+ {Accuracy: White = 12%, Black = 69%.} ({Stronger than} 30... Qxe2 31. Qxg5+ Bg7 32. Qd8+ Bf8 33. Qg5+ Bg7 34. Qd8+ Bf8 35. Qg5+ $11) 0-1

[Event "28th WSCC Open 50 2018"]
[Site "Bled"]
[Date "2018.11.27"]
[Round "9"]
[White "Kalegin, Evgenij"]
[Black "Porper, Edward"]
[Result "1-0"]
[WhiteElo "2413"]
[BlackElo "2377"]
[Annotator "TA"]
[PlyCount "49"]
[EventDate "2018.11.17"]
[EventType "swiss"]
[EventCountry "SLO"]
[SourceTitle "playchess.com"]
[Source "ChessBase"]
[SourceQuality "1"]

{[%evp 9,49,23,76,48,48,54,51,40,48,42,43,40,57,48,31,31,52,35,144,113,122,118,134,91,514,549,529,549,530,538,522,542,534,534,710,702,702,701,692,658,641,641]} 1. e4 g6 2. d4 Bg7 3. Nf3 d6 4. Nc3 a6 5. a4 b6 {LiveBook: 292 Games} (5... Nc6 $11 {remains equal.}) 6. g3 {B06: Modern Defence} (6. Bc4 e6 7. O-O Ne7 8. Bf4 Nd7 9. Qd2 h6 10. Rfe1 g5 11. Bg3 Ng6 12. h3 Nf6 13. e5 Nh5 14. Bh2 Nhf4 15. exd6 cxd6 {1-0 (36) Gustafsson,J (2630)-Fier,A (2636) Linares 2015}) 6... e6 7. Bg2 Bb7 8. O-O {White is slightly better.} Ne7 9. Bf4 $146 ({Predecessor:} 9. Qe2 O-O 10. Bf4 h6 11. h4 Nd7 12. Rad1 Qe8 13. Rfe1 Rc8 14. Bc1 c5 15. dxc5 Nxc5 16. Rxd6 Nxa4 17. Nxa4 Qxa4 18. Rxb6 Rxc2 19. Qd3 Bxe4 20. Rxa6 Bxd3 {½-½ (20) Postler,R (2218)-Jurkatis,H (1985) Kreuzberg 2016}) 9... Nd7 10. Qd2 h6 11. h4 Nf6 12. Rfe1 $36 {[%mdl 2048] White has good play.} Qd7 13. e5 dxe5 (13... Nfd5 $14) 14. Nxe5 $16 Qc8 15. d5 exd5 16. Re2 {And now Nxg6! would win.} d4 $2 {[%mdl 8192]} (16... O-O $16) 17. Nc6 $1 $18 {[%cal Rc6e7] White is clearly winning.} Bxc6 18. Bxc6+ Kf8 {[#]} 19. Rxe7 $1 Kxe7 20. Qxd4 {Qb4+ is the strong threat.} Kf8 21. Be5 Nh5 22. Bxg7+ Nxg7 23. Nd5 {[#] White threatens Qb4+ and mate.} Qd8 24. Qb4+ Kg8 25. Bxa8 {Accuracy: White = 73%, Black = 57%.} 1-0